01703 a2200265 4500003000500000005001700005010001600022020001700038040000900055082001600064100003500080245010600115250001200221260003700233300004800270505085200318650001401170650002401184650001301208650002101221700004001242942001201282999001901294952012401313Nust20221020114447.0 a 88002917 a0070799237 : cNust00a620.105,BEE1 aBeer, Ferdinand Pierre,93759510aVector mechanics for engineers :pStatics and dynamics /cFerdinand P. Beer, E. Russell Johnston, Jr. a5th ed. aNew York :bMcGraw-Hill,cc1988. axxii, 1026 p. :bill. (some col.) ;c24 cm. aIntroduction (Page-1), Statics of Particles (Page-14), Rigid Bodies: Equivalent Systems of Forces (Page-59), Equilibrium of Rigid Bodies (Page-126), Distributed Forces: Centroids and Centres of Gravity (Page-170), Analysis of Structures (Page-222), Forces in Beams and Cables (Page-276), Friction (Page-317), Distributed Forces: Moments of Inertia (Page-363), Method of Virtual Work (Page-426), Kinematic of Particles (Page-459), Kinetics of Particles: Newton’s Second Law (Page-525), Kinetics of Particles: Energy and Momentum Methods (Page-573), Systems of Particles (Page-652), Kinematic of Rigid Bodies (Page-702), Plane Motion of Rigid Bodies: Forces and Accelerations (Page-784), Plane Motion of Rigid Bodies: Energy and Momentum Methods (Page-835), Kinetics of Rigid Bodies in Three Dimensions (Page-890), Mechanical Vibrations (Page-942) 0aDynamics. 0aMechanics, Applied. 0aStatics. 0aVector analysis.1 aJohnston, E. Russelld1925-9100964 2ddccBK c182863d182863 00102ddc4070aMCSbMCScGENd2016-12-12o620.105,BEEpMCS6520r2016-12-08w2016-12-12yBKzAlmirah No.27, Shelf No.3